<?xml version="1.0" encoding="UTF-8"?>
<record
    xmlns:xsi="http://www.w3.org/2001/XMLSchema-instance"
    xsi:schemaLocation="http://www.loc.gov/MARC21/slim http://www.loc.gov/standards/marcxml/schema/MARC21slim.xsd"
    xmlns="http://www.loc.gov/MARC21/slim">

  <leader>03654cam a22003495i 4500</leader>
  <datafield tag="999" ind1=" " ind2=" ">
    <subfield code="c">28340</subfield>
    <subfield code="d">28311</subfield>
  </datafield>
  <controlfield tag="001">019059818</controlfield>
  <controlfield tag="003">EG-ScBUE</controlfield>
  <controlfield tag="005">20200315111921.0</controlfield>
  <controlfield tag="008">180925t20192019si a   f b    000 0 eng d</controlfield>
  <datafield tag="020" ind1=" " ind2=" ">
    <subfield code="z">9789811313578</subfield>
  </datafield>
  <datafield tag="040" ind1=" " ind2=" ">
    <subfield code="a">N$T</subfield>
    <subfield code="b">eng</subfield>
    <subfield code="e">rda</subfield>
    <subfield code="c">N$T</subfield>
    <subfield code="d">N$T</subfield>
    <subfield code="d">Uk</subfield>
    <subfield code="d">EG-ScBUE</subfield>
  </datafield>
  <datafield tag="082" ind1="0" ind2="4">
    <subfield code="a">371.3344678</subfield>
    <subfield code="b">TEA</subfield>
    <subfield code="2">22</subfield>
  </datafield>
  <datafield tag="245" ind1="0" ind2="0">
    <subfield code="a">Teaching language and teaching literature in virtual environments /</subfield>
    <subfield code="c">Mar&#xED;a Luisa Carri&#xF3;-Pastor, editor.</subfield>
  </datafield>
  <datafield tag="264" ind1=" " ind2="1">
    <subfield code="a">Singapore :</subfield>
    <subfield code="b">Springer,</subfield>
    <subfield code="c">[2019]</subfield>
  </datafield>
  <datafield tag="264" ind1=" " ind2="4">
    <subfield code="c">c2019</subfield>
  </datafield>
  <datafield tag="300" ind1=" " ind2=" ">
    <subfield code="a">xxi, 293 pages :</subfield>
    <subfield code="b">illustrations (some color) ;</subfield>
    <subfield code="c">24 cm</subfield>
  </datafield>
  <datafield tag="336" ind1=" " ind2=" ">
    <subfield code="a">text</subfield>
    <subfield code="b">txt</subfield>
    <subfield code="2">rdacontent</subfield>
  </datafield>
  <datafield tag="337" ind1=" " ind2=" ">
    <subfield code="a">unmediated </subfield>
    <subfield code="b">n</subfield>
    <subfield code="2">rdamedia</subfield>
  </datafield>
  <datafield tag="338" ind1=" " ind2=" ">
    <subfield code="a">volume</subfield>
    <subfield code="b">nc</subfield>
    <subfield code="2">rdacarrier</subfield>
  </datafield>
  <datafield tag="504" ind1=" " ind2=" ">
    <subfield code="a">Includes bibliographical references.</subfield>
  </datafield>
  <datafield tag="505" ind1="0" ind2=" ">
    <subfield code="a">Section 1. Methodology Design for Second Language Teaching in Virtual Environments.- Chapter 1. Using Technology for Second Language Vocabulary Learning.- Chapter 2. Practicing the Oral Production Skills in E-learning Contexts: Is It Still An Achilles' Heel?.- Chapter 3. Language Learning in the Virtual Wild.- Chapter 4. Best Practices in the Use of Augmented and Virtual Reality Technologies for SLA: Design, Implementation, and Feedback.- Chapter 5. Integrating 'Talk Abroad' into Intermediate Foreign Language Courses: Building Learner Autonomy and Engagement Through Video Conversations with Native Speakers.- Chapter 6. How to Assess L2 Prior Knowledge in Virtual Environments? A Case Study in Higher Education.- Section 2. Tools for Second/ Foreign Language Teaching in Virtual Environments.- Chapter 7. Teaching English by Skype: Theoretical and Practical Considerations.- Chapter 8. Fragment and Language Teaching.- Chapter 9. Self-assessing Soft Skills Through Tele-collaboration.- Chapter 10. Mobile Assisted Language Learning Innovations in L1/L2 Self-learning: the Case of the Catalan Language.- Chapter 11. Formal vs. Informal E-Tandem Learning Models: A Comparative Analysis of Two Online Videoconferencing Options for Conversational Practice with Native Speakers.- Chapter 12. How to 'Gamify' Moodle Language Teaching and Learning?.- Section 3. Specific Second Language Teaching in Virtual Environments.- Chapter 13. Computer-Assisted Language Tool in a Virtual Environment: Maritime English Training and Assessment through the SMCP Training App.- Chapter 14. Tools for Teaching English as a Specific Language with Collaborative Networks.- Chapter 15. Teacher Training for CLIL in Higher Education through Blended Learning.- Chapter 16. Project-based Learning in a Virtual Classroom: the Case of English for Tourism Communication.- Chapter 17. University Language Teachers' Digital Identities, Presence, and Access, in Online Teaching Environments in Sweden.- Section 4. Literature Teaching in Virtual Environments.- Chapter 18. Digital Storytelling and Book Trailers: New Methodological Possibilities of Research and Innovation in Contemporary Literary Education.- Chapter 19. Poetry in a Virtual Environment: From Students' Reluctance to Their Acquiescence.- Chapter 20. Reflexion, Analysis and Language Practice: From Individual Critical Thinking to Collaborative Learning Using Blogs in a Literature Class.- Concluding Remarks: What is the Future of Technology and Education?.</subfield>
  </datafield>
  <datafield tag="650" ind1=" " ind2="7">
    <subfield code="a">Linguistics.</subfield>
    <subfield code="2">BUEsh</subfield>
  </datafield>
  <datafield tag="650" ind1=" " ind2="7">
    <subfield code="a">Web-based instruction.</subfield>
    <subfield code="2">BUEsh</subfield>
  </datafield>
  <datafield tag="650" ind1=" " ind2="7">
    <subfield code="a">Language and languages</subfield>
    <subfield code="x">Study and teaching.</subfield>
    <subfield code="2">BUEsh</subfield>
  </datafield>
  <datafield tag="650" ind1=" " ind2="7">
    <subfield code="a">Literature</subfield>
    <subfield code="x">Study and teaching.</subfield>
    <subfield code="2">BUEsh</subfield>
  </datafield>
  <datafield tag="653" ind1=" " ind2=" ">
    <subfield code="b">HHUUEENN</subfield>
    <subfield code="c">March2020</subfield>
  </datafield>
  <datafield tag="655" ind1=" " ind2="4">
    <subfield code="a">Electronic books.</subfield>
  </datafield>
  <datafield tag="700" ind1="1" ind2=" ">
    <subfield code="a">Carri&#xF3;-Pastor, Mar&#xED;a Luisa,</subfield>
    <subfield code="e">editor.</subfield>
  </datafield>
  <datafield tag="942" ind1=" " ind2=" ">
    <subfield code="2">ddc</subfield>
    <subfield code="c">BB</subfield>
  </datafield>
  <datafield tag="952" ind1=" " ind2=" ">
    <subfield code="0">0</subfield>
    <subfield code="1">0</subfield>
    <subfield code="2">ddc</subfield>
    <subfield code="4">0</subfield>
    <subfield code="7">0</subfield>
    <subfield code="8">Baccah</subfield>
    <subfield code="a">MAIN</subfield>
    <subfield code="b">MAIN</subfield>
    <subfield code="c">1ST</subfield>
    <subfield code="d">2020-03-15</subfield>
    <subfield code="e">Purchase</subfield>
    <subfield code="l">0</subfield>
    <subfield code="o">371.3344678 TEA</subfield>
    <subfield code="p">000048948</subfield>
    <subfield code="r">2025-07-15 00:00:00</subfield>
    <subfield code="w">2020-03-15</subfield>
    <subfield code="y">BB</subfield>
  </datafield>
</record>
